ARRUPE JESUIT UNIVERSITY

CORONAVIRUS -STOP THE SPREAD - CLEAN,DISINFECT,COVER

Thought : (Record no. 123165)

MARC details
000 -LEADER
fixed length control field 01325cam a22003375a 4500
001 - CONTROL NUMBER
control field 17777554
005 - DATE AND TIME OF LATEST TRANSACTION
control field 20150828093739.0
008 - FIXED-LENGTH DATA ELEMENTS--GENERAL INFORMATION
fixed length control field 130614s2013 enka b 001 0 eng d
010 ## - LIBRARY OF CONGRESS CONTROL NUMBER
LC control number 2012277443
016 7# - NATIONAL BIBLIOGRAPHIC AGENCY CONTROL NUMBER
Record control number 016171839
Source Uk
020 ## - INTERNATIONAL STANDARD BOOK NUMBER
International Standard Book Number 9780199601721 (pbk.)
020 ## - INTERNATIONAL STANDARD BOOK NUMBER
International Standard Book Number 0199601720 (pbk.)
035 ## - SYSTEM CONTROL NUMBER
System control number (OCoLC)ocn809617056
040 ## - CATALOGING SOURCE
Original cataloging agency BTCTA
Language of cataloging eng
Transcribing agency BTCTA
Modifying agency UKMGB
-- BDX
-- YDXCP
-- CDX
-- YNK
-- ITJCU
-- NYP
-- FOLLT
-- IHI
-- BWX
-- DLC
042 ## - AUTHENTICATION CODE
Authentication code lccopycat
050 00 - LIBRARY OF CONGRESS CALL NUMBER
Classification number BF441
Item number .B35 2013
082 04 - DEWEY DECIMAL CLASSIFICATION NUMBER
Classification number 153.4/2
Edition number 23
100 1# - MAIN ENTRY--PERSONAL NAME
Personal name Bayne, Tim.
9 (RLIN) 19104
245 10 - TITLE STATEMENT
Title Thought :
Remainder of title a very short introduction /
Statement of responsibility, etc Tim Bayne.
250 ## - EDITION STATEMENT
Edition statement 1st ed.
260 ## - PUBLICATION, DISTRIBUTION, ETC. (IMPRINT)
Place of publication, distribution, etc Oxford :
Name of publisher, distributor, etc Oxford University Press,
Date of publication, distribution, etc 2013.
300 ## - PHYSICAL DESCRIPTION
Extent 126 p. :
Other physical details ill. ;
Dimensions 18 cm.
490 1# - SERIES STATEMENT
Series statement Very short introductions ;
Volume number/sequential designation 343
504 ## - BIBLIOGRAPHY, ETC. NOTE
Bibliography, etc Include bibliographical reference (p. 111-121) and index.
505 0# - FORMATTED CONTENTS NOTE
Formatted contents note What is thought? -- The mechanical mind -- The inner sanctum -- Brute thought -- "They don't think like we do" -- Thought gone wrong -- The ethics of thought -- The limits of thought.
650 #0 - SUBJECT ADDED ENTRY--TOPICAL TERM
Topical term or geographic name as entry element Thought and thinking.
9 (RLIN) 6272
830 #0 - SERIES ADDED ENTRY--UNIFORM TITLE
Uniform title Very short introductions ;
Volume number/sequential designation 343.
9 (RLIN) 19105
906 ## - LOCAL DATA ELEMENT F, LDF (RLIN)
a 0
b ibc
c copycat
d 2
e ncip
f 20
g y-gencatlg
942 ## - ADDED ENTRY ELEMENTS (KOHA)
Source of classification or shelving scheme Library of Congress Classification
Item type Monograph ( Printed materials)
Holdings
Withdrawn status Lost status Source of classification or shelving scheme Damaged status Not for loan Collection code Home library Current library Shelving location Date acquired Total Checkouts Full call number Barcode Date last seen Date last borrowed Price effective from Koha item type
    Library of Congress Classification     Main Collection ARRUPE LIBRARY ARRUPE LIBRARY Main Collection 28/08/2015 1 BF441 .B35 2013 46500004127 13/12/2016 06/04/2016 28/08/2015 Monograph ( Printed materials)

 

Arrupe Library. PO Box MP320 Mt Pleasant, Harare, Zimbabwe
263 242 745411|librarian@aju.ac.zw